000 00345nam a2200121 i 4500
001 bg
245 0 _aZagadnienia budowy, wytwarzania i badań maszyn elektrycznych małej mocy :
_bkonferencja, Wrocław 6-7 XII 1974r.
260 _aWrocław,
_c1974.
040 _cBPK
041 _apol
942 _cKS
008 s pl f |000 0 pol
999 _c26563
_d26563
856 _uhttp://koha.tu.koszalin.pl/cgi-bin/koha/opac-detail.pl?biblionumber=26563
_yKatalog online BPK